click the countries biggest to smallest - Statistics

General Stats
  • This quiz has been taken 69 times
  • The average score is 6 of 15
Answer Stats
Hint Answer % Correct
biggest russia
89%
2nd biggest canada
80%
4th biggest china
57%
5th biggest brazil
48%
6th biggest australia
43%
3rd biggest usa
39%
10th biggest algeria
27%
11th biggest democratic republic of the congo
27%
8th biggest argentina
25%
7th biggest india
25%
9th biggest kazakhstan
25%
14th biggest mexico
25%
15th biggest indonesia
20%
13th biggest saudi arabia
20%
12th biggest denmark/greenland
11%
No matching quizzes found
Score Distribution
Percent of People with Each Score
Percentile by Number Answered
Your Score History
You have not taken this quiz